| 000 | 00808nam a2200277Ia 4500 | ||
|---|---|---|---|
| 003 | OSt | ||
| 005 | 20220924130337.0 | ||
| 006 | a|||||r|||| 00| 0 | ||
| 007 | ta | ||
| 008 | 220923b |||||||| |||| 00| 0 per d | ||
| 020 | _a9786001755842 (pbk) | ||
| 020 | _cINR 600.00 | ||
| 024 | _a353716 | ||
| 037 |
_b2360, 12/02/2020, M.R. Publications _cTextual |
||
| 040 |
_aARTS _cARTS _bper |
||
| 041 |
_2per _aper |
||
| 082 | _aY15.45, 164R0 | ||
| 100 |
_aYousufzadah Ahmad Au. _9199908 |
||
| 245 | 0 | _aAan beest-o-seg nafr | |
| 260 |
_aTehran _bSooremehr Iran _c2020 |
||
| 300 |
_a405p. _ccm. |
||
| 650 |
_a WOMEN _928101 |
||
| 650 | _aSOCIOLOGY | ||
| 942 |
_hY15.45, 164R0 _cTEXL _2CC |
||
| 999 |
_c424515 _d424515 |
||